Of earth and timbers made; (Record no. 26565)

000 -LEADER
fixed length control field 00971cam a2200289 4500
001 - CONTROL NUMBER
control field 3143727
005 - DATE AND TIME OF LATEST TRANSACTION
control field 20170204154733.0
008 - FIXED-LENGTH DATA ELEMENTS--GENERAL INFORMATION
fixed length control field 740305s1974 nmua 000 0 eng
010 ## - LIBRARY OF CONGRESS CONTROL NUMBER
LC control number 73091766
020 ## - INTERNATIONAL STANDARD BOOK NUMBER
International Standard Book Number 0826303188
050 00 - LIBRARY OF CONGRESS CALL NUMBER
Classification number NA730 .N38L39 1996
100 1# - MAIN ENTRY--PERSONAL NAME
Personal name LaZar, Arthur.
245 10 - TITLE STATEMENT
Title Of earth and timbers made;
Remainder of title New Mexico architecture
Statement of responsibility, etc. [Text by] Bainbridge Bunting. Photos. by Arthur LaZar.
250 ## - EDITION STATEMENT
Edition statement [1st ed.]
260 ## - PUBLICATION, DISTRIBUTION, ETC. (IMPRINT)
Place of publication, distribution, etc. Albuquerque,
Name of publisher, distributor, etc. University of New Mexico Press
Date of publication, distribution, etc. [1974]
300 ## - PHYSICAL DESCRIPTION
Extent vii, 85 p.
Other physical details illus.
Dimensions 28 cm.
350 ## - PRICE (NR) (BK AM CF MU VM SE) [OBSOLETE]
Price $6.95
650 #0 - SUBJECT ADDED ENTRY--TOPICAL TERM
Topical term or geographic name as entry element Architecture
Geographic subdivision New Mexico.
650 #0 - SUBJECT ADDED ENTRY--TOPICAL TERM
Topical term or geographic name as entry element Decoration and ornament, Architectural
Geographic subdivision New Mexico.
700 1# - ADDED ENTRY--PERSONAL NAME
Personal name Bunting, Bainbridge.
942 ## - ADDED ENTRY ELEMENTS (KOHA)
Source of classification or shelving scheme
Koha item type Hard Covered Materials
Holdings
Withdrawn status Lost status Source of classification or shelving scheme Damaged status Not for loan Home library Current library Shelving location Date acquired Source of acquisition Total Checkouts Full call number Barcode Date last seen Price effective from Koha item type
          MACHAKOS UNIVERSITY LIBRARY MACHAKOS UNIVERSITY LIBRARY Technical section 04/02/2017 Donation(BFA)   NA730 .N38L39 1996 34226 29/05/2018 04/02/2017 Hard Covered Materials
© Machakos University Library, Along The Highway, Machakos Wote Rd, Machakos, Kenya P.O. Box 136 - 90100 Machakos - Kenya

Tel: ( +254 ) 723 805829 OR Fax : 044-20353 OR Email: library@mksu.ac.ke